书目信息 |
| 题名: |
舞蹈与健美操
|
|
| 作者: | 黄宽柔、姜桂萍 | |
| 分册: | ||
| 出版信息: | 北京 高等教育出版社 2005 |
|
| 页数: | 218 | |
| 开本: | 20cm | |
| 丛书名: | 高等学校教材 | |
| 单 册: | ||
| 中图分类: | G831 | |
| 科图分类: | ||
| 主题词: | 体操 | |
| 电子资源: | ||
| ISBN: | 7-04-009638-2 | |
| 000 | 00600nam0 2200205 450 | |
| 001 | 0736480453 | |
| 005 | 20070817100800.46 | |
| 010 | @a7-04-009638-2@d¥15.40 | |
| 100 | @a20070817d km y0chiy0120 ea | |
| 101 | 0 | @achi |
| 200 | 1 | @a舞蹈与健美操@Awu dao yu jian mei cao@f黄宽柔、姜桂萍@Fhuang kuan rou、jiang gui ping |
| 210 | @a北京@c高等教育出版社@d2005 | |
| 215 | @a218@d20cm | |
| 225 | 2 | @a高等学校教材 |
| 410 | 0 | @12001 @a高等学校教材 |
| 606 | 0 | @a体操 |
| 690 | @aG831@v3 | |
| 701 | 0 | @a黄宽柔、姜桂萍@Ahuang kuan rou、jiang gui ping |
| 801 | 0 | @aCN@bPFT@c20070817 |
| 905 | @a213230@dG831@f1 | |
| 舞蹈与健美操/黄宽柔、姜桂萍.-北京:高等教育出版社,2005 |
| 218;20cm.-(高等学校教材) |
| ISBN 7-04-009638-2:¥15.40 |
| ● |
| 相关链接 |
|
|
|
|
正题名:舞蹈与健美操
索取号:G831
 
预约/预借
| 序号 | 登录号 | 条形码 | 馆藏地/架位号 | 状态 | 备注 |
| 1 | 6901454 | 269014540 | 体育系资料室/ [索取号:G831] | 在馆 |